000
00316nam a22001217a 4500
999
_c
4467
_d
4467
008
250225b ||||| |||| 00| 0 eng d
020
_a
9780753440636
082
_a
608 TAY
100
_a
TAYLOR,BARBARA
_e
AUTHOR
245
_a
ZIPS AND TEETH
260
_a
20 NEW WHARF ROAD,LONDON N1 9RR
_b
KINGFISHER
_c
1996
942
_2
ddc